000 00775nam a2200277Ia 4500
003 OSt
005 20220927114157.0
006 a|||||r|||| 00| 0
007 ta
008 220926b |||||||| |||| 00| 0 eng d
024 _a113960
037 _cTextbook
040 _aRTL
_cRTL
_beng
041 _2eng
_aeng
082 _a"D6,9(B), M3;M8/TD3"
100 _aHunt Roger
_9386920
245 0 _aComputers and common sense
250 _a4
260 _aNew
_bDelhi Prentice Hall India
_c1988
300 _a"xiv, 208p"
_ccm.
500 _aBibliography: p204; Glossary: p195-201
650 _aComputer Science
700 _a Shelley John
_9386921
942 _h"D6,9(B), M3;M8/TD3"
_cCC
999 _c702868
_d702868